Language, Culture and Society/ (Record no. 9916)

MARC details
000 -LEADER
fixed length control field 00697nam a22002177a 4500
003 - CONTROL NUMBER IDENTIFIER
control field OSt
005 - DATE AND TIME OF LATEST TRANSACTION
control field 20260427045527.0
008 - FIXED-LENGTH DATA ELEMENTS--GENERAL INFORMATION
fixed length control field 260427b |||||||| |||| 00| 0 eng d
020 ## - INTERNATIONAL STANDARD BOOK NUMBER
International Standard Book Number 978-621-451-004-7
040 ## - CATALOGING SOURCE
Original cataloging agency DWC-Main Lib.
Transcribing agency OC
082 ## - DEWEY DECIMAL CLASSIFICATION NUMBER
Classification number Res. 401.93 M266l 2021
100 ## - MAIN ENTRY--PERSONAL NAME
Personal name Mananay, Janet A.
245 ## - TITLE STATEMENT
Title Language, Culture and Society/
Statement of responsibility, etc. Janet A. Mananay
260 ## - PUBLICATION, DISTRIBUTION, ETC.
Place of publication, distribution, etc. Quezon City, Philippines :
Name of publisher, distributor, etc. Lorimar Publishing inc.,
Date of publication, distribution, etc. c2021.
300 ## - PHYSICAL DESCRIPTION
Extent xii, 102 pages :
Other physical details illustrations ;
Dimensions 25cm.
500 ## - GENERAL NOTE
General note Includes bibliographical references.
650 ## - SUBJECT ADDED ENTRY--TOPICAL TERM
Topical term or geographic name entry element 1. Culture.
650 ## - SUBJECT ADDED ENTRY--TOPICAL TERM
Topical term or geographic name entry element 2. Sociolinguistics.
700 ## - ADDED ENTRY--PERSONAL NAME
Personal name Sumalinog, Gino G.
942 ## - ADDED ENTRY ELEMENTS (KOHA)
Source of classification or shelving scheme Dewey Decimal Classification
Koha item type Book- Reserved
Classification part Res.
Suppress in OPAC No

No items available.